<?xml version="1.0" encoding="UTF-8"?>
<collection xmlns="http://www.loc.gov/MARC21/slim">
 <record>
  <leader>06091nam a2200457 a 4500</leader>
  <controlfield tag="001">kal1278</controlfield>
  <controlfield tag="003">Gr-AtHEAL</controlfield>
  <controlfield tag="005">20160425130439.0</controlfield>
  <controlfield tag="006">m        d        </controlfield>
  <controlfield tag="008">160413s2015    gr      s           gre|c</controlfield>
  <datafield tag="020" ind1=" " ind2=" ">
   <subfield code="a">9789606032004</subfield>
  </datafield>
  <datafield tag="040" ind1=" " ind2=" ">
   <subfield code="a">GR-AtHEAL</subfield>
   <subfield code="b">gre</subfield>
   <subfield code="c">GR-AtHEAL</subfield>
  </datafield>
  <datafield tag="082" ind1="0" ind2="4">
   <subfield code="a">551</subfield>
   <subfield code="2">23</subfield>
  </datafield>
  <datafield tag="100" ind1="1" ind2=" ">
   <subfield code="a">Λόζιος, Στυλιανός.</subfield>
   <subfield code="8">1165</subfield>
  </datafield>
  <datafield tag="245" ind1="1" ind2="0">
   <subfield code="a">Γεωλογική χαρτογράφηση και ασκήσεις Υπαίθρου</subfield>
   <subfield code="h">[Ηλεκτρονικός πόρος] </subfield>
   <subfield code="c">Λόζιος, Στυλιανός ; Σούκης, Κωνσταντίνος ; Αντωνίου, Βαρβάρα ; Κριτικός αναγνώστης,Λέκκας, Ευθύμιος ; Γλωσσική επιμέλεια,Καλλιάρας, Δημήτριος.</subfield>
  </datafield>
  <datafield tag="260" ind1=" " ind2=" ">
   <subfield code="a">Αθήνα :</subfield>
   <subfield code="b">Σύνδεσμος Ελληνικών Ακαδημαϊκών Βιβλιοθηκών,</subfield>
   <subfield code="c">c2015.</subfield>
  </datafield>
  <datafield tag="490" ind1=" " ind2=" ">
   <subfield code="a">Ακαδημαϊκά Ηλεκτρονικά Συγγράμματα και Βοηθήματα Κάλλιπος</subfield>
   <subfield code="8">40</subfield>
  </datafield>
  <datafield tag="520" ind1=" " ind2=" ">
   <subfield code="a">Το e-book αυτό απευθύνεται σε προπτυχιακούς και μεταπτυχιακούς φοιτητές που διδάσκονται το υποχρεωτικό μάθημα της ΓΕΩΛΟΓΙΚΗΣ ΧΑΡΤΟΓΡΑΦΗΣΗΣ και συμμετέχουν στις υποχρεωτικές ΑΣΚΗΣΕΙΣ ΥΠΑΙΘΡΟΥ που αποτελούν αναπόσπαστο τμήμα των περισσότερων υποχρεωτικών βασικών μαθημάτων (αλλά και των εξειδικεύσεών τους) (ΕΙΣΑΓΩΓΗ ΣΤΗ ΓΕΩΛΟΓΙΑ, ΤΕΚΤΟΝΙΚΗ, ΣΤΡΩΜΑΤΟΓΡΑΦΙΑ, ΠΕΤΡΟΛΟΓΙΑ, ΤΕΧΝΙΚΗ ΓΕΩΛΟΓΙΑ, ΥΔΡΟΓΕΩΛΟΓΙΑ, ΓΕΩΜΟΡΦΟΛΟΓΙΑ κλπ.). Απευθύνεται και στους ελεύθερους επαγγελματίες και σε όσους εργάζονται σε τεχνικές εταιρείες ή στον ευρύτερο δημόσιο τομέα, δεδομένου ότι για όλες τις εφαρμοσμένες μελέτες (ΓΕΩΛΟΓΙΚΗΣ ΚΑΤΑΛΛΗΛΟΤΗΤΑΣ, ΠΕΡΙΒΑΛΛΟΝΤΙΚΕΣ, ΓΕΩΤΕΧΝΙΚΕΣ, ΥΔΡΟΓΕΩΛΟΓΙΚΕΣ κλπ.) η Γεωλογική Χαρτογράφηση αποτελεί σε κάθε περίπτωση απαραίτητη προϋπόθεση της μελέτης (που ορίζεται σε όλα τα ΦΕΚ που καθορίζουν τις προδιαγραφές των μελετών αυτών).Η θεματολογία του καλύπτει όλα όσα σχετίζονται με την εργασία υπαίθρου και τη γεωλογική χαρτογράφηση, από τον απαραίτητο εξοπλισμό, τους κανονισμούς ασφαλείας και την οργάνωση της εργασίας (στόχοι, τακτική), μέχρι τη συγγραφή των Γεωλογικών Εκθέσεων και Μελετών. Οι μέθοδοι χαρτογράφησης, η σύνθεση των στοιχείων και η κατασκευή ενός γεωλογικού χάρτη (ή άλλων κατηγοριών γεωλογικών χαρτών), οι τεχνικές δειγματοληψίας, οι ενόργανες μετρήσεις και η καταγραφή των αριθμητικών δεδομένων, αλλά και όλες οι σύγχρονες τεχνολογίες που συνθέτουν την ηλεκτρονική χαρτογραφία, θα περιγράφονται και θα αναλύονται με λεπτομέρειαΤο e-book θα λειτουργεί ως αυτόνομο πλήρες σύγγραμμα και θα καλύπτει τις ανάγκες των προπτυχιακών και μεταπτυχιακών φοιτητών σε όλα τα χρόνια των σπουδών τους, αλλά και όλους τους ενεργούς πτυχιούχους Γεωλόγους, δεδομένου ότι η εργασία στην ύπαιθρο και η Γεωλογική Χαρτογράφηση αποτελούν το θεμέλιο λίθο για όλες τις ειδικεύσεις της επιστήμης της Γεωλογίας.</subfield>
  </datafield>
  <datafield tag="650" ind1=" " ind2="0">
   <subfield code="a">Geological mapping</subfield>
   <subfield code="8">2430</subfield>
  </datafield>
  <datafield tag="653" ind1=" " ind2=" ">
   <subfield code="a">Γεωλογικός εξοπλισμός υπαίθρου και ασφάλεια</subfield>
  </datafield>
  <datafield tag="653" ind1=" " ind2=" ">
   <subfield code="a">Γεωλογικές τομές</subfield>
  </datafield>
  <datafield tag="653" ind1=" " ind2=" ">
   <subfield code="a">Γεωλογικοί χάρτες</subfield>
  </datafield>
  <datafield tag="653" ind1=" " ind2=" ">
   <subfield code="a">Γεωλογικές τεχνικές υπαίθρου</subfield>
  </datafield>
  <datafield tag="653" ind1=" " ind2=" ">
   <subfield code="a">Χαρτογράφηση γεωλογικών δομών</subfield>
  </datafield>
  <datafield tag="653" ind1=" " ind2=" ">
   <subfield code="a">Γεωλογικός οδηγός υπαίθρου</subfield>
  </datafield>
  <datafield tag="653" ind1=" " ind2=" ">
   <subfield code="a">Γεωλογία υπαίθρου</subfield>
  </datafield>
  <datafield tag="653" ind1=" " ind2=" ">
   <subfield code="a">Γεωλογική χαρτογράφηση</subfield>
  </datafield>
  <datafield tag="653" ind1=" " ind2=" ">
   <subfield code="a">Επιστήμες της γης</subfield>
   <subfield code="a">Υλικά της γης</subfield>
   <subfield code="a">Γεωλογία πετρελαίου</subfield>
  </datafield>
  <datafield tag="653" ind1=" " ind2=" ">
   <subfield code="a">Επιστήμες της γης</subfield>
   <subfield code="a">Τεχνική γεωλογία</subfield>
  </datafield>
  <datafield tag="653" ind1=" " ind2=" ">
   <subfield code="a">Επιστήμες της γης</subfield>
   <subfield code="a">Υδρο(γεω)λογία</subfield>
  </datafield>
  <datafield tag="653" ind1=" " ind2=" ">
   <subfield code="a">Επιστήμες της γης</subfield>
   <subfield code="a">Τεκτονική γεωλογία</subfield>
  </datafield>
  <datafield tag="653" ind1=" " ind2=" ">
   <subfield code="a">Επιστήμες της γης</subfield>
   <subfield code="a">Γενική γεωλογία</subfield>
  </datafield>
  <datafield tag="653" ind1=" " ind2=" ">
   <subfield code="a">Επιστήμες της γης</subfield>
  </datafield>
  <datafield tag="700" ind1="1" ind2=" ">
   <subfield code="a">Σούκης, Κωνσταντίνος</subfield>
   <subfield code="e">Συγγραφέας</subfield>
   <subfield code="8">1166</subfield>
  </datafield>
  <datafield tag="700" ind1="1" ind2=" ">
   <subfield code="a">Αντωνίου, Βαρβάρα</subfield>
   <subfield code="e">Συγγραφέας</subfield>
   <subfield code="8">1167</subfield>
  </datafield>
  <datafield tag="700" ind1="1" ind2=" ">
   <subfield code="a">Λέκκας, Ευθύμιος</subfield>
   <subfield code="e">Κριτικός αναγνώστης</subfield>
   <subfield code="8">1168</subfield>
  </datafield>
  <datafield tag="856" ind1="4" ind2="0">
   <subfield code="u">http://hdl.handle.net/11419/1278</subfield>
   <subfield code="z">Πλήρες Κείμενο - Full text</subfield>
  </datafield>
  <datafield tag="907" ind1=" " ind2=" ">
   <subfield code="a">.b25679211</subfield>
   <subfield code="b">12-06-18</subfield>
   <subfield code="c">29-07-16</subfield>
  </datafield>
  <datafield tag="949" ind1=" " ind2=" ">
   <subfield code="0">0</subfield>
   <subfield code="1">0</subfield>
   <subfield code="2">ddc</subfield>
   <subfield code="4">0</subfield>
   <subfield code="6">551_000000000000000_ΛΟΖ</subfield>
   <subfield code="7">0</subfield>
   <subfield code="8">KALL</subfield>
   <subfield code="8">680</subfield>
   <subfield code="d">2016-04-13</subfield>
   <subfield code="r">2016-04-13</subfield>
   <subfield code="w">2016-04-13</subfield>
   <subfield code="z">551 ΛΟΖ</subfield>
   <subfield code="o">SEAB KALLIPOS</subfield>
  </datafield>
  <datafield tag="998" ind1=" " ind2=" ">
   <subfield code="a">80</subfield>
   <subfield code="a">01</subfield>
   <subfield code="a">02</subfield>
   <subfield code="a">03</subfield>
   <subfield code="a">04</subfield>
   <subfield code="a">05</subfield>
   <subfield code="a">06</subfield>
   <subfield code="a">07</subfield>
   <subfield code="a">08</subfield>
   <subfield code="a">09</subfield>
   <subfield code="a">10</subfield>
   <subfield code="a">11</subfield>
   <subfield code="a">12</subfield>
   <subfield code="a">13</subfield>
   <subfield code="a">14</subfield>
   <subfield code="a">15</subfield>
   <subfield code="a">16</subfield>
   <subfield code="a">17</subfield>
   <subfield code="a">18</subfield>
   <subfield code="a">19</subfield>
   <subfield code="a">20</subfield>
   <subfield code="a">21</subfield>
   <subfield code="a">22</subfield>
   <subfield code="a">23</subfield>
   <subfield code="a">24</subfield>
   <subfield code="a">25</subfield>
   <subfield code="a">26</subfield>
   <subfield code="b">16-05-17</subfield>
   <subfield code="c">m</subfield>
   <subfield code="d">z  </subfield>
   <subfield code="e">-</subfield>
   <subfield code="f">gre</subfield>
   <subfield code="g">gr </subfield>
   <subfield code="h">0</subfield>
  </datafield>
  <datafield tag="942" ind1=" " ind2=" ">
   <subfield code="2">ddc</subfield>
   <subfield code="c">KALLIPOS</subfield>
  </datafield>
 </record>
</collection>
